judicial

Tratado de la prueba electronica III (Registro nro. 6516)

Detalles MARC
000 -LEADER
fixed length control field 02043nam a22006257a 4500
003 - CONTROL NUMBER IDENTIFIER
control field OSt
005 - DATE AND TIME OF LATEST TRANSACTION
control field 20260401123111.0
007 - PHYSICAL DESCRIPTION FIXED FIELD--GENERAL INFORMATION
fixed length control field ta
008 - FIXED-LENGTH DATA ELEMENTS--GENERAL INFORMATION
fixed length control field 260401s2025 ag ||||| |||| 00| 0 spa d
020 ## - INTERNATIONAL STANDARD BOOK NUMBER
International Standard Book Number 9789870349761
040 ## - CATALOGING SOURCE
Transcribing agency cj catamarca
082 ## - DEWEY DECIMAL CLASSIFICATION NUMBER
Classification number 34:62 B587t III
100 10 - MAIN ENTRY--PERSONAL NAME
9 (RLIN) 303
Personal name Bielli, Gaston Enrique
245 10 - TITLE STATEMENT
Title Tratado de la prueba electronica III
250 ## - EDITION STATEMENT
Edition statement 2º ed.
260 ## - PUBLICATION, DISTRIBUTION, ETC.
Place of publication, distribution, etc. CABA:
Name of publisher, distributor, etc. La Ley,
Date of publication, distribution, etc. 2025
300 ## - PHYSICAL DESCRIPTION
Extent V.3, 832 p.
Dimensions 24 cm
500 ## - GENERAL NOTE
General note INVENTARIO Nº 8136
650 #7 - SUBJECT ADDED ENTRY--TOPICAL TERM
Source of heading or term SAIJ
653 ## - INDEX TERM--UNCONTROLLED
Uncontrolled term DERECHO INFORMATICO
653 ## - INDEX TERM--UNCONTROLLED
Uncontrolled term PRUEBA ELECTRONICA
653 ## - INDEX TERM--UNCONTROLLED
Uncontrolled term PRUEBA-CCYC
653 ## - INDEX TERM--UNCONTROLLED
Uncontrolled term PRUEBA ELECTRONICA-LABORAL
653 ## - INDEX TERM--UNCONTROLLED
Uncontrolled term PRUEBA ELECTRONICA-FAMILIA
653 ## - INDEX TERM--UNCONTROLLED
Uncontrolled term PRUEBA-INFANCIA-INTERES SUPERIOR DEL NIÑO
653 ## - INDEX TERM--UNCONTROLLED
Uncontrolled term REGLAS DE BRASILIA
653 ## - INDEX TERM--UNCONTROLLED
Uncontrolled term TUTELA JUDICIAL EFECTIVA DIFERENCIADA
653 ## - INDEX TERM--UNCONTROLLED
Uncontrolled term PRUEBA-VIOLENCIA DE GENERO DIGITAL
653 ## - INDEX TERM--UNCONTROLLED
Uncontrolled term PRUEBA ELECTRONICA-PENAL
653 ## - INDEX TERM--UNCONTROLLED
Uncontrolled term OBTENCION-PRUEBA ELECTRONICA PENAL
653 ## - INDEX TERM--UNCONTROLLED
Uncontrolled term DELITOS-ERA DIGITAL
653 ## - INDEX TERM--UNCONTROLLED
Uncontrolled term RECOLECCION EVIDENCIA
653 ## - INDEX TERM--UNCONTROLLED
Uncontrolled term ABOGADO QUERELLANTE-ROL
653 ## - INDEX TERM--UNCONTROLLED
Uncontrolled term AUTOINCRIMINACION-PRUEBA DIGITAL
653 ## - INDEX TERM--UNCONTROLLED
Uncontrolled term PRUEBA ELECTRONICA-CONTENCIOSO ADMINISTRATIVO
653 ## - INDEX TERM--UNCONTROLLED
Uncontrolled term CONTRATOS ELECTRONICOS
653 ## - INDEX TERM--UNCONTROLLED
Uncontrolled term SMART CONTRACTS
653 ## - INDEX TERM--UNCONTROLLED
Uncontrolled term PRUEBA ELECTRONICA-PROCESO EJECUTIVO
653 ## - INDEX TERM--UNCONTROLLED
Uncontrolled term BLOCKCHAIN
653 ## - INDEX TERM--UNCONTROLLED
Uncontrolled term CONTRATOS INTELIGENTES
653 ## - INDEX TERM--UNCONTROLLED
Uncontrolled term ON-CHAIN-CRIPTOACTIVOS
653 ## - INDEX TERM--UNCONTROLLED
Uncontrolled term INTELIGENCIA ARTIFICIAL-PRUEBA ELECTRONICA
653 ## - INDEX TERM--UNCONTROLLED
Uncontrolled term IA-PRUEBA
653 ## - INDEX TERM--UNCONTROLLED
Uncontrolled term IA GENERATIVA
653 ## - INDEX TERM--UNCONTROLLED
Uncontrolled term IA-PODER JUDICIAL
653 ## - INDEX TERM--UNCONTROLLED
Uncontrolled term LLMS-JUECES-DICTADO SENTENCIA
653 ## - INDEX TERM--UNCONTROLLED
Uncontrolled term IA-DEEPFAKES
653 ## - INDEX TERM--UNCONTROLLED
Uncontrolled term IA-CREACION-MANIPULACION-ALTERACION-PRUEBA
653 ## - INDEX TERM--UNCONTROLLED
Uncontrolled term PRUEBA AUTOMATIZADA-PROCESO ADMINISTRATIVO
653 ## - INDEX TERM--UNCONTROLLED
Uncontrolled term IA-PROCESO ADMINISTRATIVO
700 10 - ADDED ENTRY--PERSONAL NAME
9 (RLIN) 304
Personal name Ordoñez, Carlos J.
Relator term dir.
700 #0 - ADDED ENTRY--PERSONAL NAME
9 (RLIN) 28
Personal name Quadri, Gabriel Hernan
Relator term dir.
856 ## - ELECTRONIC LOCATION AND ACCESS
Uniform Resource Identifier <a href="https://drive.google.com/file/d/1bT3ZL_xA0b6LBwhv2W4PWYPMxdNLtLme/view?usp=sharing">https://drive.google.com/file/d/1bT3ZL_xA0b6LBwhv2W4PWYPMxdNLtLme/view?usp=sharing</a>
942 ## - ADDED ENTRY ELEMENTS (KOHA)
Source of classification or shelving scheme Dewey Decimal Classification
Koha item type Book
Suppress in OPAC No
Existencias
Withdrawn status Lost status Source of classification or shelving scheme Damaged status Not for loan Home library Current library Date acquired Source of acquisition Total Checkouts Full call number Barcode Date last seen Price effective from Koha item type
    Dewey Decimal Classification     PJCB PJCB 04/01/2026 Compra   34:62 B587t III 8136 04/01/2026 04/01/2026 Book
-->
  •  poder judicial

    Con tecnología Koha